Detalles MARC
| 000 -CABECERA |
| Longitud fija campo de control |
01586nam a2200349Ia 4500 |
| 005 - • FECHA Y HORA DE LA ÚLTIMA TRANSACCIÓN |
| Fecha y hora de la última transacción |
20220317000547.0 |
| 008 - • CÓDIGOS DE INFORMACIÓN DE LONGITUD FIJA |
| Códigos de información de longitud fija |
160601s2004 mx a g 000 0 spa |
| 020 ## - • NÚMERO INTERNACIONAL NORMALIZADO PARA LIBROS |
| Número Internacional Normalizado para Libros (ISBN) |
9701505980 |
| 082 04 - • NÚMERO DE LA CLASIFICACIÓN DECIMAL DEWEY |
| Número de clasificación (R) |
R 511.0212 |
| Número del ítem |
G23m |
| 040 ## - FUENTE DE LA CATALOGACIÓN |
| Centro catalogador de origen |
CO-BoRNBP |
| Lengua de catalogación |
spa |
| Normas de descripción |
rda |
| Centro transcriptor |
CO-BoRNBP |
| 100 1# - • PUNTO DE ACCESO PRINCIPAL-NOMBRE DE PERSONA |
| Nombre de persona |
Gieck, Kurt |
| 245 10 - • TITULO PROPIAMENTE DICHO |
| Título |
Manual de fórmulas técnicas |
| Resto del título |
ciencia, ingenieria, tecnología |
| Mención de responsabilidad, etc. |
Kurt Gieck, Reiner Gieck ; traducción Víctor Gerez Greiser, José de la Cera Alonso |
| 250 ## - • MENCIÓN DE EDICIÓN |
| Mención de edición |
30a. edición |
| 264 ## - PRODUCCIÓN, PUBLICACIÓN , DISTRIBUCIÓN, FABRICACIÓN Y COPYRIGHT |
| Lugar de producción, publicación, distribución, fabricación |
México |
| Nombre del productor, editor, distribuidor, fabricante |
Alfaomega |
| Fecha de de producción, publicación, distribución, fabricación o copyright |
2004 |
| 300 ## - • DESCRIPCIÓN FÍSICA |
| Extensión |
350 páginas |
| Otras características físicas |
ilustraciones |
| Dimensiones |
23 cm |
| 336 ## - TIPO DE CONTENIDO |
| Término de tipo de contenido |
texto |
| Código de tipo de contenido |
txt |
| Fuente |
rdacontent |
| 337 ## - TIPO DE MEDIO |
| Nombre del tipo de medio |
sin mediación |
| Código del tipo de medio |
n |
| Fuente |
rdamedia |
| 338 ## - TIPO DE SOPORTE |
| Nombre del tipo de soporte |
volumen |
| Código del tipo de soporte |
nc |
| Fuente |
rdacarrier |
| 500 ## - • NOTA GENERAL |
| Nota general |
Incluye índices |
| 505 ## - • NOTA DE CONTENIDO CON FORMATO |
| Nota de contenido con formato |
Metrología, el S.I. -- Matemáticas. Estadísticas -- Física. Ingeniería -- Tecnología Industrial -- Materiales. Propiedades -- Tecnología -- Tablas |
| 650 14 - • PUNTO DE ACCESO ADICIONAL DE MATERIA - TÉRMINO DE MATERIA |
| Fuente del encabezamiento o término |
LEMB |
| Término de materia o nombre geográfico como elemento inicial |
Formulas matemáticas |
| Subdivisión de forma |
Manuales |
| 650 14 - • PUNTO DE ACCESO ADICIONAL DE MATERIA - TÉRMINO DE MATERIA |
| Fuente del encabezamiento o término |
LEMB |
| Término de materia o nombre geográfico como elemento inicial |
Formulas trigonométricas |
| Subdivisión de forma |
Manuales |
| 650 14 - • PUNTO DE ACCESO ADICIONAL DE MATERIA - TÉRMINO DE MATERIA |
| Fuente del encabezamiento o término |
LEMB |
| Término de materia o nombre geográfico como elemento inicial |
Fórmulas estadísticas |
| Subdivisión de forma |
Manuales |
| 650 14 - • PUNTO DE ACCESO ADICIONAL DE MATERIA - TÉRMINO DE MATERIA |
| Fuente del encabezamiento o término |
LEMB |
| Término de materia o nombre geográfico como elemento inicial |
Formulas físicas |
| Subdivisión de forma |
Manuales |
| 650 14 - • PUNTO DE ACCESO ADICIONAL DE MATERIA - TÉRMINO DE MATERIA |
| Fuente del encabezamiento o término |
LEMB |
| Término de materia o nombre geográfico como elemento inicial |
Formulas químicas |
| Subdivisión de forma |
Manuales |
| 650 14 - • PUNTO DE ACCESO ADICIONAL DE MATERIA - TÉRMINO DE MATERIA |
| Fuente del encabezamiento o término |
LEMB |
| Término de materia o nombre geográfico como elemento inicial |
Formulas geométricas |
| Subdivisión de forma |
Manuales |
| 700 1# - • PUNTO DE ACCESO ADICIONAL - NOMBRE DE PERSONA |
| Nombre de persona |
Gieck, Reiner |
| 700 1# - • PUNTO DE ACCESO ADICIONAL - NOMBRE DE PERSONA |
| Nombre de persona |
Gerez Greiser, Víctor |
| Término indicativo de función |
traductor |
| 700 1# - • PUNTO DE ACCESO ADICIONAL - NOMBRE DE PERSONA |
| Nombre de persona |
Cera Alonso, José de la |
| Término indicativo de función |
traductor |
| 740 ## - • PUNTO DE ACCESO ADICIONAL - TÍTULO RELACIONADO O ANALÍTICO NO CONTROLADO |
| Título relacionado o analítico no controlado |
Metrología, el S.I.;\\ |
| -- |
Matemáticas. Estadísticas;\\ |
| -- |
Física. Ingeniería;\\ |
| -- |
Tecnología Industrial;\\ |
| -- |
Materiales. Propiedades;\\ |
| -- |
Tecnología -- Tablas |
| 942 ## - ENTRADA DE ELEMENTOS AGREGADOS (KOHA) |
| Fuente de clasificaión o esquema |
Dewey Decimal Classification |
| Koha [por defecto] tipo de item |
LIbro |